00491nam a2200145Ia 4500020001800000082002000018245008200038260003400120300001300154650003100167650005000198650003000248650003100278650003600309 a4-9901387-0-8 a384.540952 BRO; 0aBroadcasting in Japan: the twentieth century journey from radio to multimedia aTokyobNHK Publicationsc2002 ax, 365p. aMultimedia systems - Japan aBroadcasting - History - Japan - 20th century aTelecommunication - Japan aRadio broadcasting - Japan aTelevision broadcasting - Japan